| 000 | 01003nam a2200301 c 4500 | ||
|---|---|---|---|
| 001 | 60876 | ||
| 003 | CO-BoRNBP | ||
| 005 | 20260506213701.0 | ||
| 007 | ta | ||
| 008 | 200407s9999 XX 000 0 und d | ||
| 020 | _a9582813202 | ||
| 040 |
_aCO-BoRNBP _bspa _erda _cCO-BoRNBP |
||
| 041 | _aspa | ||
| 082 | 0 | 4 | _a616.02 G83 |
| 245 | 1 | 0 | _aGuía práctica de prevención y primeros auxilios. |
| 250 | _a1a ed. | ||
| 264 | 1 |
_aBogotá, Colombia : _bPlaza and Janés, _c2002 |
|
| 300 |
_a127 páginas : _bilustraciones |
||
| 336 |
_atexto _btxt _2rdacontent |
||
| 337 |
_asin mediación _bn _2rdamedia |
||
| 338 |
_avolumen _bnc _2rdacarrier |
||
| 490 | 0 | _aGuías prácticas | |
| 500 | _aTitulo de la carátula: Qué hacer ante una emergencia. Remedios tradicionales y terapias alternativas. prevenir y curar | ||
| 650 | 1 | 7 |
_aMedicina alternativa _2lemb _99066 |
| 650 | 0 | 7 |
_aMedicina preventiva _2lemb _966191 |
| 650 | 0 | 7 |
_aPrimeros auxilios _2lemb _912063 |
| 942 |
_cBK _2ddc _h616.02 |
||
| 999 |
_c60876 _d60876 |
||